Odgadnij piosenke rapową po refrenie - Statystyki

Ogólne statystyki
  • Ten quiz został rozwiązany 86 razy
  • Średni wynik to 12 z 30
Statystyki odpowiedzi
Hint Odpowiedź % Poprawnych
[...]Ciągle rosnę, jakbym grał w Mario Bros Sam się rządzę, pierdolę każdy rząd Chcą zabrać me pieniądze i ustawić mnie w rząd Zabronić jarać sort, a ja to [...] Ciągle rosnę, jakbym grał w Mario Bros Sam się rządzę, pierdolę każdy rząd Chcą zabrać me pieniądze i ustawić mnie w rząd Zabronić jarać sort Żabson - Młody boss
81%
Dobrze, że nie masz pieniędzy, bo wydałbyś wszystko na ciuchy
U mnie spokojnie, powoli do przodu, u ciebie wahania jak [...] ([...]!)
Nie gadaj do mnie, sprawdzam kwit online (brr, brr, ah, ah)
Pod materacem trzymam Bitcoina
Dobrze, że nie masz pieniędzy, bo wydałbyś wszystko na ciuchy
U mnie spokojnie, powoli do przodu, u ciebie wahania jak [...] ([...]!)
Nie gadaj do mnie, sprawdzam kwit online (brr, brr, ah, ah)
Pod materacem trzymam Bitcoina
Taconafide - Kryptowaluty
80%
I założę kiedyś stronę [...]W niej zakładki, sam na lodzie, swój interes i Vuitton Jak wyrzucą na bezdechu, że jestem ich król i ziom Ja wyrzucę ich z obiegu, bo są tylko jak Pluton I założę kiedyś stronę [...] W niej zakładki, sam na lodzie, swój interes i Vuitton Jak wyrzucą na bezdechu, że jestem ich król i ziom To wyrzucę ich z obiegu, bo są tylko jak Pluton Deys/Przyłu - moizdrajcy.com
65%
Wasze rapy mam na kompie spakowane w folder "kosz" Wasze rapy - marne kopie, już to wcześniej robił ktoś Hyper hype - modna papka tylko dla mas Hyper hype - [...] niezdana Wasze rapy mam na kompie spakowane w folder "kosz" Wasze rapy - marne kopie, już to wcześniej robił ktoś Hyper hype - modna papka tylko dla mas Hyper hype - [...] niezdana Paluch - Kontrola Jakości
65%
Nocą w hotelu jak zwykle cisza
Tego już raperzy nie zdradzą ci w teledyskach
Mógłbym tutaj [...] mieć jak Ozon
[...], [...], czemu tęsknię wciąż za tobą?
Hej, nocą w hotelu jak zwykle cisza
Tego już raperzy nie zdradzą ci w teledyskach
Mógłbym tutaj [...] mieć jak Ozon
[...], [...], czemu tęsknię wciąż za tobą?
Taco Hemingway - 8 kobiet
64%
Ktoś woła, [...], nie mam czasu, liczę zera
Gdy ktoś dzwoni, nie odbieram, nie zostawię tak portfela
Ktoś woła, [...], nie mam czasu, liczę zera
Gdy ktoś dzwoni, nie odbieram, nie zostawię tak portfela
Sobel - Nie teraz
61%
Ona szuka [...], co pijany nie chciał ruszyć się z boja, nie Dzisiaj zapraszam do siebie ją, sam nie wiem czemu tak kręcę ją Ona szuka [...], nie oceniaj mała, tylko kręć dżoja, yeah Skarbie, jeśli chcesz możesz być moją trap queen Znowu wkładam dres pod klatówę i klapki, wtedy widzę cię Beteo - Bad Boy
59%
Na nadgarstku mam koronę to jest Rolex Nad zegarem ważę i owijam w folię Co ten Malik odpierdala, co za pojeb Ja jestem [...] w Polsce, mordo co jest? Na nadgarstku mam koronę to jest Rolex Nad zegarem ważę i owijam w folię Co ten Malik odpierdala, co za pojeb Ja jestem [...] w Polsce, mordo co jest? Malik Montana - 1szy nos
59%
Wszystko, co żyło we mnie, umarło bezpowrotnie Nie cieszy widok bez niej, złamane serce do mnie jak Kap, kap, pochłania mnie [...] Pochłania mnie [...], pochłania mnie [...], yeah [...] yeah, nie chcę dorastać, nie [...] mnie, nie chcę dorastać, nie [...] mnie, nie chcę dorastać, nie [...] mnie, pochłania traplife mnie White 2115 - Traplife
58%
Ona jest w [...], do Redbulla kruszy molly Łowi całą noc, jej telefon ciągle dzwoni Nie, nie, nie, nie, nie, to nie mój dzień Nie, nie, nie, nie, nie, nie wie co to sen Ona jest w [...], do Redbulla kruszy molly Łowi całą noc, jej telefon ciągle dzwoni Nie, nie, nie, nie, nie, to nie mój dzień Nie, nie, nie, nie, nie, nie wie co to sen Ona jest w [...] [śmiech] Otsochodzi - Euforia
54%
Lubią słuchać jak mi smutno, jak mi źle Im pomaga, z drugiej strony boli mnie Widzę, że boli jak się patrzą na nas Możesz pluć mi pod Jordany, zmyjesz bagno mała Lubią słuchać jak mi smutno, jak mi źle Im pomaga, z drugiej strony boli mnie Widzę, że boli jak się patrzą na nas Możesz pluć mi pod Jordany, zmyjesz bagno mała Szpaku/Białas -Ból
54%
Czuję się jak młody Zeus kiedy jadę nocą
Czekam, aż to miasto wreszcie mi postawi posąg
Wzięła mnie za rękę: "[...]”, nie spytałem dokąd
Wzięła mnie za rękę: "chodź”, nie spytałem dokąd
Czuję się jak młody Zeus kiedy jadę nocą
Czekam, aż to miasto wreszcie mi postawi posąg
Wzięła mnie za rękę: "[...]”, nie spytałem dokąd
Wzięła mnie za rękę: "[...]”, nie spytałem dokąd
Taco Hemingway - Chodź
54%
Jesteś tą jedną, z tobą chcę liczyć bank rolls Skarbie chyba studiujesz medycynę, bo zmieniasz mi tętno Może wypiłem za dużo, a może to jest coś ze mną Może wypiłem za dużo, a może chcę cię na pewno Skarbie chcę cię [...] Posłuchaj, skarbie chcę cię [...] Skarbie chcę cię [...] Posłuchaj, skarbie chcę cię [...] Skarbie chcę cię [...] Bedoes - Na Serio
51%
[...] pachną topkiem My robimy nowy project, razem z Pedrkiem Tulą się do mnie róże, każda ma kolce Tak samo jak w uczuciach w łóżku są ostre [...] pachną topkiem My robimy nowy project, razem z Pedrkiem Tulą się do mnie róże, każda ma kolce Tak samo jak w uczuciach w łóżku są ostre (ej, yo) Janusz Walczuk - Sady Żoliborskie
51%
Zarabiam po to, żeby mordo wydawać sos Zawijam to co przegrałеś tu przez całą noc Jointy, mikrofon, alko, złotówki i [...] Jebać niеbieskich wciąż, jebać niebieskich wciąż Zarabiam po to, żeby mordo wydawać sos Zawijam to co przegrałeś tu przez całą noc Jointy, mikrofon, alko, złotówki i [...] Jebać niebieskich wciąż, jebać niebieskich wciąż Kabe - Euro
49%
Wolno mi płynie czas, jakbym miał zjazd po M'ce
Za dużo swoich faz, bym robił wjazd na MC, ej
Poranka blask, gdy kładę się spać przy modelce, ej
Mordo, dziś żyję w snach, jakbym wpadł w [...], yeah
Jakbym wpadł w [...], yeah, jakbym wpadł w [...], yeah
Jakbym wpadł w [...], yeah, jakbym wpadł w [...], yeah
Poranka blask, gdy kładę się spać przy modelce
Mordo, dziś żyję w snach, jakbym wpadł w [...], yeah
Żabson - Incepcja
39%
To nie o nieudacznikach co żerują na rodzicach, nie (nie, nie) Oni do prywatnych szkół, my do szkoły na ulicach (ye-yeah) Nie gram żadnych ról, poza główną mego życia (nie) Typie na nasz ból nie pomogłaby [...] Białas - Morfina
35%
Ja nie jestem savage, ani żaden gangster
Mimo tego, że codziennie w kominiarce
Ja nie proszę się o wojnę, ale jak trzeba to pier - lne
Ja nie jestem savage, ani żaden gangster
Mimo tego, że codziennie w kominiarce
Ja nie proszę się o wojnę, ale jak trzeba, trzeba, trzeba, trzeba...
Kinny Zimmer - Jazda
32%
Cztery [...] na mej stopie, ah To daddyshoe Mocno kręci ją ten trap aż zabraknie tchu W lewo krok, w prawo krok, niech się patrzy tłum Rzuć tym w górę, rzuć tym w dół, niech się trzęsie klub Cztery [...] na mej stopie, ah To daddyshoe Mocno kręci ją ten trap aż zabraknie tchu W lewo krok, w prawo krok, niech się patrzy tłum Rzuć tym w górę, rzuć tym w dół, niech się trzęsie klub Young Multi - K4fle
32%
Chciałeś nieśmiertelny być jak w [...]Wrogowie chcieli wbić znów na mój street jak w [...] Polowali na mój plik, dlatego strzelam Demony pukały do mych drzwi, lecz nie otwieram im, im Zarobimy parę stów jak w [...] Chcieli wbić się na mój klub dlatego zbieram (nowe zera) Mieli zajebać mi wóz i duszę sprzedać Demony pukały do mych drzwi, lecz nie otwieram nigdy Zeamsone - San Andreas
32%
Gdy miłości brak Ty daj siostro jej dar Gdy w przepaść zmierza świat Ty wstań bracie i walcz Ten zielony blask (to ta Anahata, to ta Anahata!) Ten zielony blask (to ta Anahata, bezwarunkowa miłość dla świata!) Ten zielony blask (to ta Anahata, to ta Anahata!) Ten zielony blask (to ta Anahata, bezwarunkowa miłość dla świata!) Kali - Pacyfka
28%
Kiedy wejdę na sam szczyt Będzie ze mnie kapał drip Eksportuję nowy plik Świeży jak Tic-Taci Wszystko chcę już dziś Szybko - ZygZak McQueen Daj mi tylko parę chwil Odpalę się jak spliff Kiedy wejdę na sam szczyt Będzie ze mnie kapał drip Eksportuję nowy plik Świeży jak Tic-Taci Wszystko chcę już dziś Szybko - ZygZak McQueen Daj mi tylko parę chwil Odpalę się jak spliff Pliki - 2kcal
28%
Tarararara, [...]Szampan na salonach, wóda i browary w parku Tarararara, [...] Rozjebany Vapor, stara fura, nowy łańcuch Tarararara, [...] Szampan na salonach, wóda i browary w parku Tarararara, [...] Rozjebany Vapor, stara fura, nowy łańcuch Małach - Obdrapany marmur
23%
Palę [...] lub pięć, kto tu szponci, kto pies Ten twój [...] jest worst, a mój [...] the best Syn legendy jak Fejz, w blecie Amnesia Haze Mam fazę na bani, dziaby na bani jak Deys Palę [...] lub pięć, kto tu szponci, kto pies Ten twój [...] jest worst, a mój [...] the best Syn legendy jak Fejz, w blecie Amnesia Haze Mam fazę na bani, dziaby na bani jak Deys ZetHa - Johncik
19%
A ja chciałbym, a ja chciałbym pewnych rzeczy nie pamiętać
Wszystkie bym je wysłał na ten mój prywatny cmentarz
A ja chciałbym, a ja chciałbym wymazać to z pamięci
Gdybym tylko miał zabawkę jak [...]
A ja chciałbym, a ja chciałbym pewnych rzeczy nie pamiętać
Wszystkie bym je wysłał na ten mój prywatny cmentarz
A ja chciałbym, a ja chciałbym wymazać to z pamięci
Gdybym tylko miał zabawkę jak [...]
Kaen - Faceci w czerni
13%
Gwiazda błyszczy się
Nie spadła z nieba
Koszmar był co dzień
[...]
Nie zatrzymuj się
Nie patrz na światła
Jeśli to jest sen
To nie przeszkadzaj
Malik Montana - Sukcesu cena
13%
Zanim zajdzie słońce, zanim odejdziesz gdzieś Proszę Ciebie zapamiętaj Jeszcze będzie dobrze, jeszcze będzie okej Czekaj w sumie przecież jest już teraz White 2115 - Znowu wieje wiatr
13%
Jesteś w mojej wyobraźni
Chcę Cię na zawsze, nie tylko doraźnie, wiesz
Weź mnie na poważnie
Później weź mnie, gdzie chcesz, to [...] jest
To w mojej wyobraźni
Chcę Cię na zawsze, nie tylko doraźnie, wiesz
Weź mnie na poważnie
Później weź mnie, gdzie chcesz, to [...] jest
Hodak/Dziarma - Nieważne
12%
Nie ma za czym płakać, nie, nie ma po czym cierpieć
Nie ma dokąd wracać, nie, więc przed siebie biegnę
Jak się rozjebało, e, mordo, [...]
Padnie ściana za ścianą, coś zrozumiesz, wyżej wejdziesz
Nie ma za czym płakać, nie, nie ma po czym cierpieć
Nie ma dokąd wracać, nie, więc przed siebie biegnę
Jak się rozjebało, e, mordo, [...] Padnie ściana za ścianą, coś zrozumiesz, wyżej wejdziesz
Wac Toja - NAWET LEPIEJ
9%
Nie lubią mnie za to, jaki jestem
I nie będę takim, jakiego by chcieli, nie, nie
Wyjebane mam w twoją ocenę
Od zawsze byłem inny i nie próbuj tego zmienić
Nie lubią mnie za to, jaki jestem
I nie będę takim, jakiego by chcieli, nie, nie
Wyjebane mam w twoją ocenę
Od zawsze byłem inny i nie próbuj tego zmienić
Qry - Słodziak
7%
Nie znaleziono quizów pasujących do podanych kryteriów
Rozkład punktacji
Procent ludzi z każdym wynikiem
Percentyl według liczby udzielonych odpowiedzi
Twoja historia wyników
Nie rozwiązałeś tego quizu